Breve resumen grafico sobre: islas malvinas (recorte de diario) /

Guardado en:
Formato: Libro
Publicado: : , 1983
Materias:
Fc
Etiquetas: Agregar Etiqueta
Sin Etiquetas, Sea el primero en etiquetar este registro!
LEADER 00437nam a22001575a 4500
001 CEM.cems007764
005 20060214000000.0
008 130507s1983##################000#0#####d
003 CEMS
082 0 4 |a F320.1 
245 0 0 |a Breve resumen grafico sobre: islas malvinas (recorte de diario) / 
260 |a  :  |b ,  |c 1983 
653 |a Fc 
653 |a Malvinas 
653 |a Malvinas-guerra de 
859 |a CEMS  |b BIB. CEMS - 11 de abril  |h F320.1  |i 4-7  |p 158.44  |t Ej.1